Day #61: Countries 6100 km away from France - Statistics

General Stats
  • This quiz has been taken 15 times
  • The average score is 10 of 13
Answer Stats
Answer % Correct
United States of America
100%
Canada
93%
China
86%
India
86%
Russia
86%
Democratic Republic of the Congo
79%
Mongolia
79%
Republic of the Congo
79%
Pakistan
71%
Ethiopia
64%
Somalia
64%
Kenya
57%
Uganda
57%
No matching quizzes found
Score Distribution
Percent of People with Each Score
Percentile by Number Answered
Your Score History
You have not taken this quiz